1536 1956 1713 1302 1367 1822 1413 1276 1878 1723 1173 1927 1648 1775 1927 1719 1985 1817 1829 1841 1013 1458 1712 1800 1472 1889 1010 1479 1364 1745 1030 1754 1136 1712 1689 1161 1214 1129 1354 1515 1452 1471 1219 1120 1203 1875 1327 1248 1198 1429 1513 1590 1210 1653 1649 1390 1572 1563 1812 1375 1549 1248 1877 1340 1457 1962 1359 1696 1271 1133 1517 1021 1386 1880 1268 1212 1504 1693 1958 1456 1802 1383 1970 1730 1428 1160 1387 1034 1766 1971 1169 1851 1644 1054 1576 1015 1928 1538 1478 BCNSPRNW ULIB Ver.6.0+V

เปลี่ยนเป็นภาษาไทย

Change to English
 แสดงรายละเอียดบรรณานุกรม
  กลับหน้าหลัก

Brief Record : Get Marc (ISO 2709) : E-mail record : QR code < ปิดหน้าต่าง
LEADER : 00000nam 2200000uu 4500
001    13399124868
003     ULIB
008    160421s2556||||th 000 0 tha d
020    ^a9789746728423
060  4 ^aWB115^bบ48ภ ล.2
100    ^aบุษยามาส ชีวสกุลยง
245    ^aภาวะฉุกเฉินทางอายุรศาสตร์ เล่ม 2/^cบุษยามาส ชีวสกุลยง
250    ^aพิมพ์ครั้งที่ 1
260    ^aเชียงใหม่ :^bภาควิชาอายุรศาสตร์ คณะแพทยศาสตร์ ม.เชียงใหม่,^c2556
300    ^a247 หน้า
650    ^aภาวะฉุกเฉินทางอายุรศาสตร์
700    ^aชัยยุทธ เจริญธรรม
945    ^p350^l0^i23396
945    ^p350^l0^i23397
945    ^p350^l0^i23398
945    ^p350^l0^i23399
945    ^p350^l0^i23400
999    ^aทศพร เกษรทอง
รายการนี้ยังไม่มีแท็ก
คุณยังไม่ได้ล็อกอิน คุณสามารถมีกิจกรรมร่วมกับเว็บไซต์ได้ แต่ต้องล็อกอินก่อน ::
  ล็อกอิน

รายการสื่อสารสนเทศ

ลำดับที่ ประเภท เลขเรียก/บาร์โค้ด สถานที่ สถานะ
1. วิทยาศาสตร์การแพทย์ และสุขภาพ
วิทยาศาสตร์การแพทย์ และสุขภาพ
สถานะ=หนังสือเก่า
WB115 บ48ภ ล.2 ฉ.1 
  Barcode: 23396
ห้องสมุดวิทยาเขตนครสวรรค์
►ส่วนจัดเก็บหนังสือเก่า นว.
บนชั้น
  ขอยืม
2. วิทยาศาสตร์การแพทย์ และสุขภาพ
วิทยาศาสตร์การแพทย์ และสุขภาพ
สถานะ=หนังสือเก่า
WB115 บ48ภ ล.2 ฉ.2 
  Barcode: 23397
ห้องสมุดวิทยาเขตนครสวรรค์
►ส่วนจัดเก็บหนังสือเก่า นว.
บนชั้น
  ขอยืม
3. วิทยาศาสตร์การแพทย์ และสุขภาพ
วิทยาศาสตร์การแพทย์ และสุขภาพ
สถานะ=หนังสือเก่า
WB115 บ48ภ ล.2 ฉ.3 
  Barcode: 23398
ห้องสมุดวิทยาเขตนครสวรรค์
►ส่วนจัดเก็บหนังสือเก่า นว.
บนชั้น
  ขอยืม
4. วิทยาศาสตร์การแพทย์ และสุขภาพ
วิทยาศาสตร์การแพทย์ และสุขภาพ
สถานะ=หนังสือเก่า
WB115 บ48ภ ล.2 ฉ.4 
  Barcode: 23399
ห้องสมุดวิทยาเขตนครสวรรค์
►ส่วนจัดเก็บหนังสือเก่า นว.
บนชั้น
  ขอยืม
5. วิทยาศาสตร์การแพทย์ และสุขภาพ
วิทยาศาสตร์การแพทย์ และสุขภาพ
สถานะ=หนังสือเก่า
WB115 บ48ภ ล.2 ฉ.5 
  Barcode: 23400
ห้องสมุดวิทยาเขตนครสวรรค์
►ส่วนจัดเก็บหนังสือเก่า นว.
บนชั้น
  ขอยืม

รายการใกล้เคียง
    ผู้แต่ง [บุษยามาส ชีวสกุลยง]

    หัวเรื่อง [ภาวะฉุกเฉินทางอายุรศาสตร์]

BibComment


ยังไม่เคยถูกคอมเมนท์

คอมเมนท์ทรัพยากรรายการนี้
  คอมเมนท์: ภาวะฉุกเฉินทางอา..


 Copyright 2026. Bcnsprnw @Library